Ferrishurst Ltd v Wallcite Ltd (Record no. 57847)

MARC details
000 -LEADER
fixed length control field 01696cab a2200265 4500
001 - CONTROL NUMBER
control field ABS60035
008 - FIXED-LENGTH DATA ELEMENTS--GENERAL INFORMATION
fixed length control field 090401t1999 xxu||||| |||| 00| 0 eng d
035 ## - SYSTEM CONTROL NUMBER
System control number (Sirsi) u91158
041 ## - LANGUAGE CODE
Language code of text/sound track or separate title eng
245 ## - TITLE STATEMENT
Title Ferrishurst Ltd v Wallcite Ltd
260 ## - PUBLICATION, DISTRIBUTION, ETC.
Date of publication, distribution, etc. 1999
350 ## - PRICE (NR) (BK AM CF MU VM SE) [OBSOLETE]
Price 0
490 ## - SERIES STATEMENT
Series statement Estates Gazette Law Reports
Volume/sequential designation [1999] 05 EG 161-168(8)
520 ## - SUMMARY, ETC.
Summary, etc. CA 30 November 1998. Appellant (F) was granted a term of office premises for four years by a subunderlease which contained an option to acquire the subunderlessor`s reversionary interest at a max. price of £28,000. The reversionary interest was an underlease dated 29 January 1973 for a term of 40 years. The respondent (W) acquired the freehold in 1987 and the headlease in 1988, when W also became the registered proprietor of the underlease. In September 1988 F gave a notice to exercise the option to acquire the underlease. In proceedings by W seeking possession of the premises, and by F claiming specific performance of the contract arising on the exercise of the option, W asserted that, as the option had not been registered against its registered title to the underlease, it was not bound by the option, notwithstanding W`s actual knowledge of the option when it acquired the underlease. F appealed against the CC decision that W was not bound by the option. "Held" Appeal allowed.
650 ## - SUBJECT ADDED ENTRY--TOPICAL TERM
Topical term or geographic name entry element FERRISHURST LTD V WALLCITE LTD
650 ## - SUBJECT ADDED ENTRY--TOPICAL TERM
Topical term or geographic name entry element LAND REGISTRATION ACT 1925 S70(1)(G)
650 ## - SUBJECT ADDED ENTRY--TOPICAL TERM
Topical term or geographic name entry element OCCUPATION
650 ## - SUBJECT ADDED ENTRY--TOPICAL TERM
Topical term or geographic name entry element OPTION TO PURCHASE
650 ## - SUBJECT ADDED ENTRY--TOPICAL TERM
Topical term or geographic name entry element OVERRIDING INTEREST
650 ## - SUBJECT ADDED ENTRY--TOPICAL TERM
Topical term or geographic name entry element SUBUNDERLEASES
650 ## - SUBJECT ADDED ENTRY--TOPICAL TERM
Topical term or geographic name entry element UNREGISTERED OPTION
690 ## - LOCAL SUBJECT ADDED ENTRY--TOPICAL TERM (OCLC, RLIN)
Topical term or geographic name as entry element PROPERTY LAW AND PRACTICE
942 ## - ADDED ENTRY ELEMENTS (KOHA)
Suppress in OPAC 0
948 ## - LOCAL PROCESSING INFORMATION (OCLC); SERIES PART DESIGNATOR (RLIN)
c (OCLC) 09/02/1999
Holdings
Withdrawn status Lost status Source of classification or shelving scheme Damaged status Not for loan Home library Current library Shelving location Date acquired Total Checkouts Full call number Barcode Date last seen Copy number Price effective from Koha item type
    Dewey Decimal Classification     London London Journal article 14/09/1999   ABS60035 91158-1001 06/08/2019 1 06/08/2019 Law report